00500ntaaa2200157 45000030003000000050017000030080021000200400037000410820017000782450028000952500010001232600039001333000017001725000131001897000022003200120251027202338.00714s1973 ag 01  aAR-BaBNbspacAR-BaBNeaacrdRIC a296.1200 N46 aThe ttalmudic anthology a1 ed. aNew York : bBohrman House, c1962 axxxiv, 570 p aA collection of parables, folktales, fables, aphorism, epigrams, sayings, anecdotes, proverbs, and exegetical interpretations. aNewman, Louis I.